| 000 | 01284nam0a2200337 4500 | ||
|---|---|---|---|
| 001 | RU\NLR\BIBL_A\011495227 | ||
| 005 | 20260406063213.0 | ||
| 010 |
_a9785990996762 _9300 |
||
| 021 |
_aRU _b2017-68927 _94887 |
||
| 035 | _a(RuMoRGB)009392167 | ||
| 035 | _a(NLR Aleph) 011495227 | ||
| 090 |
_a11967845 _c11967845 |
||
| 100 | _a20171012d2017 u y0rusy50 ca | ||
| 101 | 0 | _arus | |
| 102 | _aRU | ||
| 105 | _ay z 000 y | ||
| 200 | 1 |
_aМир тропы _eочерки русской этнопсихологии _fА. Андреев |
|
| 205 | _a[Изд. 4-е, испр. и доп.] | ||
| 210 |
_aИваново _cРоща _d2017 |
||
| 215 |
_a375 с. _d21 |
||
| 320 | _aБиблиогр.: с. 371-373 (53 назв.) | ||
| 517 | 1 | _aОчерки русской этнопсихологии | |
| 606 |
_aРусские _xЭтнопсихологические исследования _92171348 _3RU\NLR\AUTH\661306143 |
||
| 686 |
_aТ52(2=Р)-75,02 _2rubbk |
||
| 686 | 1 | _aС550.67 | |
| 686 | 1 | _aТ52(2=Р)-7 | |
| 700 | 1 |
_8rus _7ca _aШевцов _bА. А. _cпсихолог, этнограф, эзотерик _f1955- _gАлександр Александрович _3RU\NLR\AUTH\7722103 _95163 |
|
| 942 | _cBOOK | ||
| 980 | _aNBR | ||